000
00236nam a2200109Ia 4500
999
_c
7650
_d
7650
020
_a
978-0072326000
100
_a
Feldman,Robert S.
245
0
_a
Understanding Psychology
260
_a
USA
_b
Education
_c
1999
300
_a
774
942
_c
BK